00423nam a2200157Ia 45000010006000000050017000060080041000230410008000640820021000721000041000932450078001342600009002123000028002216500008002496540008002571950520260306172658.0260306t2018||||xx |||||||||||||| ||spa|| aESP a340.1bB141 T. 2 aBarba Radanovich, José MigueleAUT 0aLa necesidad de incluir al árbitro cautelar en el arbitraje doméstico c2018 a190 páginas :c25 cm. aGEN aCDE